| 000 | 00519nam a22001937a 4500 | ||
|---|---|---|---|
| 003 | OSt | ||
| 005 | 20240514164801.0 | ||
| 008 | 170302b xxu||||| |||| 00| 0 eng d | ||
| 020 | _a0521456606 | ||
| 040 | _cDDC. | ||
| 082 | _a530.41CHA 1998 | ||
| 100 |
_aChandraseckhar,B.S; _911734 |
||
| 245 | _aWhy Things Are The Way They Are. | ||
| 260 |
_aUK, _bCambridge University Press. _c1998. |
||
| 300 |
_ax,254p; _bill; _c28cm. |
||
| 504 | _aincludes glossary and index. | ||
| 650 |
_aPhysics. _9809 |
||
| 942 |
_2ddc _cO_SHELF |
||
| 999 |
_c5625 _d5625 |
||